00990 a2200157 45000010006000000050017000060080041000230030015000640400040000790800068001192450014001872640039002013000019002405050557002591000016008165422720260407155813.0260407a1972 arg spa dAR-UNSa-BCEJYS aAR-UNSa-BCEJYSbspacAR-UNSa-BCEJYS a336.741.2xNaturaleza de la moneda. Teoría general del dinero10aEl dinero 1aBarcelona :bEdiciones Arielc1972 a436 p.c19 cm. aPrimera parte: Formas del dinero - 1. Monedas - 2. Billetes y depósitos bancarios - 3. Cambios exteriores - 4. Erosión del patrón oro(Modelo antiguo) - Segunda parte: Teoría monetaria - 5. Introducción - 6. Teoría cuantitativa - 7. La revolución keynesiana - 8. Teoría de crecimiento - 9. Teoría del equilibrio exterior - Tercera parte: Instituciones y políticas actuales - 10. Política interior de los Estados Unidos y del Reino Unido,después de la Segunda Guerra Mundial - 11. Instituciones internacionales - 12. Eurodólares1 aHarrod, Roy